| 000 | 00955nam a2200229Ia 4500 | ||
|---|---|---|---|
| 001 | 8965 | ||
| 003 | GE_BSU | ||
| 008 | 181216s||||||||xx |||||||||||||| ||und|| | ||
| 020 | _a9789941052972 | ||
| 040 | _cGE_BSU | ||
| 080 | _a342.4(479.22)''1921'' | ||
| 245 | _aსაქართველოს დემოკრატიული რესპუბლიკის 1921 წლის კონსტიტუცია | ||
| 245 | _cშესავალი გიორგი პაპუაშვილი | ||
| 250 | _aმე–2გამოც. | ||
| 260 | _aბათუმი | ||
| 260 | _bშპს"ფავორიტი პრინტი | ||
| 260 | _c2013 | ||
| 300 | _a80გვ.25სმ. | ||
| 300 | _eფოტომასალა:გვ.62-80 | ||
| 653 | _aსაქართველოს დემოკრატიული რესპუბლიკის 1921 წლის კონსტიტუცია | ||
| 942 | _cBK | ||
| 999 |
_c42270 _d42270 |
||